Miasta w Indonezji - Nagła Śmierć - Statystyki

Ogólne statystyki
  • Ten quiz został rozwiązany 30 razy
    5 od ostatniego zresetowania
  • Średni wynik to 10 z 20
Answers on the Grid
Answers color-coded by a green-red scale on the quiz's grid according to % correct below.
Bandar Seri Begawan
Bandung
Batam
Bekasi
Bengaluru
Bogor
Davao
Denpasar
Depok
Dżakarta
Fuzhou
Ha Long
Johor Bahru
Kaohsiung
Kupang
Makasar
Malakka
Malang
Manila
Medan
Palembang
Palu
Pattaya
Pekanbaru
Pusan
Sam Neua
Samarinda
Semarang
Serang
Surabaja
Taizhong
Tangerang
Tangerang Selatan
 
Statystyki odpowiedzi
Odpowiedź % Poprawnych
Bandung
100%
Dżakarta
100%
Batam
75%
Denpasar
75%
Depok
75%
Kupang
75%
Malang
75%
Palembang
75%
Bogor
50%
Semarang
50%
Serang
50%
Surabaja
50%
Bekasi
25%
Makasar
25%
Medan
25%
Pekanbaru
25%
Samarinda
25%
Tangerang
25%
Palu
0%
Tangerang Selatan
0%
Nie znaleziono quizów pasujących do podanych kryteriów
Rozkład punktacji
Procent ludzi z każdym wynikiem
Percentyl według liczby udzielonych odpowiedzi
Twoja historia wyników
Nie rozwiązałeś tego quizu od ostatniego zresetowania